| 000 | 00862nam a2200217Ia 4500 | ||
|---|---|---|---|
| 008 | 0000002000 us a 0000000000eng00 | ||
| 020 | _a897972082 | ||
| 090 | _aPUS00 K37h | ||
| 100 | 1 |
_aKitaj, R. B. _d1932 |
|
| 245 | 1 | 0 |
_aHow to reach 67 in jewish art, 100 pictures _c/ R. B. Kitaj |
| 264 | _aNew York : Marlborough Gallery | ||
| 300 |
_a99 p. _c/ 29 cm. |
||
| 500 | _aExposición realizada en la Galería Marlborough, Madrid, Septiembre 12 Octubre 14, 2000 ; Galería Marlborough, Nueva York, Octubre 31 Diciembre 2, 2000 \ Con el patronazgo del maestro venezolano Jesús Rafael Soto (q.e.p.d.) | ||
| 600 | 0 | 0 |
_a KITAJ, R. B., 1932/ _xTRABAJOS PICTORICOS |
| 650 | 1 | 4 | _a PINTURA ESTADOUNIDENSE |
| 650 | 1 | 4 | _xCATALOGOS |
| 650 | 1 | 4 | _xEXPOSICIONES |
| 650 | 1 | 4 | _aJUDIOS EN EL ARTE |
| 650 | 1 | 4 | _aPINTORES ESTADOUNIDENSES |
| 999 |
_c358 _d358 |
||
| 260 | _c2000 | ||